000 00390nam a2200157Ia 4500
008 221030s9999 xx 000 0 und d
020 _a8121903459
041 _aEnglish
082 _a105.23
100 _aH. K. Dass
245 0 _aAdvanced Engineering Mathematics
_cby H. K. Dass
260 _bS. Chand & Co.
_aNew Delhi
_c2010
300 _a1358
650 _aBE Mathematics
942 _cBK
999 _c8841
_d8841